Internet Communications Using SIP / (Record no. 36098)

MARC details
000 -LEADER
fixed length control field 00491nam a22001817a 4500
005 - DATE AND TIME OF LATEST TRANSACTION
control field 20240710102651.0
008 - FIXED-LENGTH DATA ELEMENTS--GENERAL INFORMATION
fixed length control field 240710b |||||||| |||| 00| 0 eng d
020 ## - INTERNATIONAL STANDARD BOOK NUMBER
ISBN 9780471413998
082 ## - DEWEY DECIMAL CLASSIFICATION NUMBER
Classification number 004.62
Item number SIN-I
100 ## - MAIN ENTRY--AUTHOR
Author Name Sinnreich, Henry
245 ## - TITLE STATEMENT
Title Internet Communications Using SIP /
Statement of responsibility, etc. Alan B.Johnston
260 ## - PUBLICATION, DISTRIBUTION, ETC.
Place of Publication USA:
Name of publisher, distributor, etc. Wiley;
Date of publication, distribution, etc. 2001.
300 ## - PHYSICAL DESCRIPTION
Pages xiv, 297 p. :
500 ## - GENERAL NOTE
General note include index.
650 ## - SUBJECT ADDED ENTRY--TOPICAL TERM
Subject / Department Networking
700 ## - ADDED ENTRY--PERSONAL NAME
Personal name Alan B.Johnston
300 ## - PHYSICAL DESCRIPTION
-- ill;
-- 24 cm.
952 ## - LOCATION AND ITEM INFORMATION (KOHA)
-- 0
-- 0
Holdings
Lost status Damaged status Collection code Permanent Location Current Location Shelving Location Date acquired Full Call Number Accession No./Barcode Date last seen item type Koha item type
    CS/IT Superior Information Resource Center (SIRC) Superior University- Gold Campus Superior Information Resource Center (SIRC) Superior University- Gold Campus Networking 07/10/2024 004.62 SIN-I 2001 19419 07/10/2024 BOOK BOOK

Powered by Koha